Naciones ricas, naciones pobres (Registro nro. 5100)

Detalles MARC
000 -LEADER
fixed length control field 00872 a2200217 4500
001 - CONTROL NUMBER
control field 53117
005 - DATE AND TIME OF LATEST TRANSACTION
control field 20260407155805.0
008 - FIXED-LENGTH DATA ELEMENTS--GENERAL INFORMATION
fixed length control field 260407a1986 arg spa d
003 - CONTROL NUMBER IDENTIFIER
control field AR-UNSa-BCEJYS
040 ## - CATALOGING SOURCE
Original cataloging agency AR-UNSa-BCEJYS
Language of cataloging spa
Transcribing agency AR-UNSa-BCEJYS
080 ## - UNIVERSAL DECIMAL CLASSIFICATION NUMBER
Universal Decimal Classification number 339.9
Common auxiliary subdivision Economía internacional en general. Relaciones económicas internacionales. Economía mundial
020 ## - INTERNATIONAL STANDARD BOOK NUMBER
International Standard Book Number 950-37-0188-0
041 ## - LANGUAGE CODE
Language code of text/sound track or separate title spa
100 1# - MAIN ENTRY--PERSONAL NAME
Personal name Galbraith, John Kenneth
245 10 - TITLE STATEMENT
Title Naciones ricas, naciones pobres
Name of part/section of a work ensayos sobre la persuasión política y económica
264 #1 - PRODUCTION, PUBLICATION, DISTRIBUTION, MANUFACTURE, AND COPYRIGHT NOTICE
Place of production, publication, distribution, manufacture Barcelona :
Name of producer, publisher, distributor, manufacturer Ariel
Date of production, publication, distribution, manufacture, or copyright notice 1986
300 ## - PHYSICAL DESCRIPTION
Extent 87 p.
Dimensions 19 cm.
505 ## - FORMATTED CONTENTS NOTE
Formatted contents note 1. Acerca de la riqueza y la sabiduría - 2. Las exigencias del proceso histórico - 3. El segundo réquiem imperial - 4. El nexo militar - 5. El proceso histórico y los ricos
590 ## - LOCAL NOTE (RLIN)
Local note niveau_biblio:m niveau_hierar:0
942 ## - ADDED ENTRY ELEMENTS (KOHA)
Koha item type
Existencias
Withdrawn status Lost status Damaged status Not for loan Home library Current library Shelving location Date acquired Total checkouts Full call number Barcode Date last seen Price effective from Koha item type
        Biblioteca Prof. Eusebio Cleto del Rey Biblioteca Prof. Eusebio Cleto del Rey   07/04/2026   339.9 G148 L128523 07/04/2026 07/04/2026 Libro